Central Library OPAC University of Rajshahi

The Insurance act, 1938 (IV of 1938) : (Record no. 51988)

MARC details
000 -LEADER
fixed length control field 00863nam a2200229 a 4500
001 - CONTROL NUMBER
control field 51988
003 - CONTROL NUMBER IDENTIFIER
rucl marc code BD-RjUL
005 - DATE AND TIME OF LATEST TRANSACTION
control field 20211209075735.0
008 - FIXED-LENGTH DATA ELEMENTS--GENERAL INFORMATION
fixed length control field 160905s1953 pk f000 0 eng
035 ## - SYSTEM CONTROL NUMBER
System control number (BD-RjUL)52108
040 ## - CATALOGING SOURCE
Original cataloging agency DLC
Transcribing agency DLC
Modifying agency DLC
-- BD-RjUL
Language of cataloging eng
041 ## - LANGUAGE CODE
Language code of text/sound track or separate title eng
082 00 - DEWEY DECIMAL CLASSIFICATION NUMBER
Classification number 346.0868095491
Edition number 23
Author mark and year INS 1953
110 1# - MAIN ENTRY--CORPORATE NAME
Corporate name or jurisdiction name as entry element Government of Pakistan Ministry of Law
9 (RLIN) 191481
245 14 - TITLE STATEMENT
Title The Insurance act, 1938 (IV of 1938) :
Remainder of title as modified up to the 31st March 1978 /
Statement of responsibility, etc. Government of Pakistan Ministry of Law
260 ## - PUBLICATION, DISTRIBUTION, ETC. (IMPRINT)
Place of publication, distribution, etc. Karachi :
Name of publisher, distributor, etc. Manager of Publications, Govt. of Pakistan,
Date of publication, distribution, etc. 1953
300 ## - PHYSICAL DESCRIPTION
Pagination 125 p. :
Illustrations ill. ;
Size 25 cm.
500 ## - GENERAL NOTE
General note A head of title: Govt. of Pakistan, Ministry of Law and Parliamentary Affairs, Law Division.
650 #0 - SUBJECT ADDED ENTRY--TOPICAL TERM
Topical term or geographic name as entry element Insurance law
Geographic subdivision Pakistan.
9 (RLIN) 155471
710 1# - ADDED ENTRY--CORPORATE NAME
Corporate name or jurisdiction name as entry element Pakistan.
Subordinate unit Law Division.
9 (RLIN) 155472
942 ## - ADDED ENTRY ELEMENTS (KOHA)
Source of classification or shelving scheme Dewey Decimal Classification
Koha item type Books
Holdings
Lost status Source of classification or shelving scheme Damaged status Not for loan Collection code Permanent Location Current Location Shelving location Date acquired Source of acquisition Cost, normal purchase price Total Checkouts Full call number Date last seen Copy number Koha item type
  Dewey Decimal Classification     Non-fiction Central Library, University of Rajshahi Central Library, University of Rajshahi   26/04/1955 C.P.R Dacca 3.00   346.0868095491 INS 1953 05/09/2016 C-2 Books
  Dewey Decimal Classification   Not For Loan Non-fiction Central Library, University of Rajshahi Central Library, University of Rajshahi Reading Room 16/06/1960 Mirza book agency. 2.20   346.0868095491 INS 1953 24/01/2017 C-1 Books